| 000 | 00591nam a2200229 a 4500 | ||
|---|---|---|---|
| 001 | 72712 | ||
| 003 | BD-RjUL | ||
| 005 | 20211209082312.0 | ||
| 008 | 170522s1952 enka|||| |||| 001 0 eng d | ||
| 035 | _a(BD-RjUL)72930 | ||
| 040 |
_aBD-RjUL _beng _cBD-RjUL _dBD-RjUL |
||
| 041 | _aeng | ||
| 082 |
_223 _a536 _bBOH 1952 |
||
| 100 | 1 |
_aBoulind, H F _9212289 |
|
| 245 | 1 | 0 |
_aHeat and light / _cH F Boulind |
| 250 | _a1st ed. | ||
| 260 |
_aLondon : _bJohn Murrary, _c1952 |
||
| 300 |
_avii, 368 p. : _bill. ; _c18 cm. |
||
| 500 | _aIncludes index | ||
| 650 |
_aHeat _9215080 |
||
| 942 |
_2ddc _cBK |
||
| 999 |
_c72712 _d72712 |
||